Adquisición y aprendizaje de la lectura: situaciones, problemática y proposiciones pedagógicas en francés, lengua extranjera
Salvato in:
| Autore principale: | |
|---|---|
| Natura: | Libro |
| Lingua: | inglese spagnolo |
| Pubblicazione: |
Murcia
Secretariado de Publicaciones e Intercambio Científico, Universidad de Murcia
1993
|
| Serie: | Tesis Doctorales
|
| Soggetti: | |
| Tags: |
Aggiungi Tag
Nessun Tag, puoi essere il primo ad aggiungerne!!
|
MARC
| LEADER | 00000nam a2200000 a 4500 | ||
|---|---|---|---|
| 001 | UCM0374 | ||
| 003 | CL-VaPUC | ||
| 008 | 020125e19930000SP |||||||||||||||||eng|d | ||
| 041 | 0 | 7 | |a eng |2 CL-VaPUC |
| 041 | 0 | 7 | |a spa |2 CL-VaPUC |
| 082 | 0 | 4 | |a 378.6541 |b GIM |2 21 |
| 100 | 0 | |a Giménez Precioso, Mercedes |e author |9 467113 | |
| 245 | 1 | 0 | |a Adquisición y aprendizaje de la lectura: situaciones, problemática y proposiciones pedagógicas en francés, lengua extranjera |
| 942 | |c BK | ||
| 945 | |d 20020125 00:00:00 |a crobeson | ||
| 260 | |a Murcia |b Secretariado de Publicaciones e Intercambio Científico, Universidad de Murcia |c 1993 | ||
| 500 | |a Incluye índice y sumario | ||
| 650 | 7 | |a LECTURA - DIDACTICA |2 CL-VaPUC |9 467114 | |
| 650 | 7 | |a LENGUA FRANCESA - DIDACTICA |2 CL-VaPUC |9 467115 | |
| 650 | 0 | |a Enseñanza de idiomas |9 339820 | |
| 583 | |a last modification |c 20020125 00:00:00 |k Rodrigo Vera | ||
| 490 | 0 | |a Tesis Doctorales | |
| 999 | |c 299297 |d 299295 | ||
| 952 | |0 0 |1 0 |4 0 |6 378_654100000000000_GIM_1993 |7 0 |8 P |9 355632 |a BIBEDU |b BIBEDU |c BIBEDU_PB |d 2019-11-21 |i 378858K |o 378.6541 GIM 1993 |p 378858K |r 2019-11-21 |w 2019-11-21 |y BK |k LIT | ||